[Event "Longtou Cup 2nd"]
[Site "Qinhuangdao"]
[Date "2019.04.16"]
[Round "1"]
[White "Tuvsanaa, Nyamaa"]
[Black "Lu, Shanglei"]
[Result "1-0"]
[WhiteElo "2212"]
[BlackElo "2625"]
[PlyCount "67"]
[EventDate "2019.04.16"]
[EventType "swiss"]
[EventRounds "9"]
[EventCountry "CHN"]
[SourceTitle "CBM 190 Extra"]
[Source "ChessBase"]
[SourceDate "2019.07.15"]
[SourceVersion "1"]
[SourceVersionDate "2019.07.15"]
[SourceQuality "1"]

1. d4 Nf6 2. Nf3 e6 3. Bg5 c5 4. c3 Nc6 5. e3 cxd4 6. exd4 h6 7. Bh4 g5 8. Bg3 Ne4 9. Nbd2 Nxg3 10. hxg3 Bg7 11. Nc4 0-0 12. Bd3 f5 13. Qe2 d6 14. g4 b5 15. Ne3 b4 16. Kf1 bxc3 17. bxc3 f4 18. Nc4 d5 19. Nce5 Qc7 20. Ng6 Rf6 21. Rc1 Rb8 22. Kg1 Nb4 23. Bb1 Ba6 24. Qd2 Nc6 25. Qc2 Rf7 26. Rh5 Qd6 27. Kh2 Rfb7 28. Nge5 Bxe5 29. Qg6+ Bg7 30. Nxg5 Nd8 31. Rxh6 Kf8 32. Nh7+ Ke7 33. Qxg7+ Nf7 34. Ng5 1-0

[Event "MGL-ch 55th"]
[Site "Ulaanbaatar"]
[Date "2015.04.25"]
[Round "12"]
[White "Galmandakh, Badrakh"]
[Black "Tuvsanaa, Nyamaa"]
[Result "0-1"]
[WhiteElo "2328"]
[BlackElo "2172"]
[PlyCount "120"]
[EventDate "2015.04.18"]
[EventType "tourn"]
[EventRounds "13"]
[EventCountry "MGL"]
[EventCategory "3"]
[SourceTitle "CBM 166 Extra"]
[Source "ChessBase"]
[SourceDate "2015.06.18"]
[SourceVersion "1"]
[SourceVersionDate "2015.06.18"]
[SourceQuality "1"]

1. g3 d5 2. Bg2 Nf6 3. Nf3 e6 4. 0-0 Be7 5. c4 c6 6. Qc2 0-0 7. d4 Nbd7 8. Bf4 dxc4 9. Qxc4 Nd5 10. Bd2 Bf6 11. e4 N5b6 12. Qc2 e5 13. Bc3 exd4 14. Bxd4 Bxd4 15. Nxd4 Nf6 16. Rd1 Qe7 17. Nd2 Bg4 18. f3 Be6 19. Nxe6 Qxe6 20. Nb3 Rfd8 21. Nc5 Qe7 22. b4 h6 23. a3 Rxd1+ 24. Rxd1 Rd8 25. Bf1 Rxd1 26. Qxd1 Qc7 27. Qd4 Nfd7 28. Nxd7 Qxd7 29. Qxd7 Nxd7 30. Kf2 Kf8 31. Ke3 Ke7 32. Kd4 Kd6 33. f4 f6 34. Bh3 b6 35. Bg4 Nf8 36. e5+ Ke7 37. exf6+ Kxf6 38. Bf3 Ne6+ 39. Kc4 Nd8 40. h4 Ke6 41. Be4 Kd6 42. g4 Ne6 43. f5 Nd8 44. b5 c5 45. Bd5 Ke5 46. a4 h5 47. gxh5 Kxf5 48. Bg8 Ke5 49. Kd3 Nb7 50. Ke3 Nd6 51. Bh7 Nf5+ 52. Kf3 Nd4+ 53. Kg4 c4 54. Kg5 Ne6+ 55. Kg4 c3 56. h6 gxh6 57. Kh5 Nd4 58. Kxh6 Nf5+ 59. Kg5 c2 60. Bxf5 c1Q+ 0-1

[Event "MGL-ch 55th"]
[Site "Ulaanbaatar"]
[Date "2015.04.25"]
[Round "11"]
[White "Tuvsanaa, Nyamaa"]
[Black "Battulga, Namkhai"]
[Result "0-1"]
[WhiteElo "2172"]
[BlackElo "2411"]
[PlyCount "58"]
[EventDate "2015.04.18"]
[EventType "tourn"]
[EventRounds "13"]
[EventCountry "MGL"]
[EventCategory "3"]
[SourceTitle "CBM 166 Extra"]
[Source "ChessBase"]
[SourceDate "2015.06.18"]
[SourceVersion "1"]
[SourceVersionDate "2015.06.18"]
[SourceQuality "1"]

1. d4 d5 2. c4 c6 3. Nc3 Nf6 4. Nf3 dxc4 5. a4 Bf5 6. Ne5 Nbd7 7. Nxc4 Nb6 8. Ne5 a5 9. f3 Nfd7 10. Nxd7 Nxd7 11. e4 Bg6 12. Be3 e5 13. Bc4 Qb6 14. Qd2 exd4 15. Qxd4 Bc5 16. Qxg7 0-0-0 17. Bxc5 Qxc5 18. Be2 Qg5 19. g3 Rhg8 20. Qd4 Nc5 21. Qc4 Qe3 22. Rd1 f5 23. Rxd8+ Rxd8 24. Nd1 Qd2+ 25. Kf1 Nd3 26. Qe6+ Kc7 27. Nc3 fxe4 28. f4 Re8 29. Qf6 Bh5 0-1

[Event "MGL-ch 55th"]
[Site "Ulaanbaatar"]
[Date "2015.04.18"]
[Round "1"]
[White "Munkhgal, Gombosuren"]
[Black "Tuvsanaa, Nyamaa"]
[Result "0-1"]
[WhiteElo "2419"]
[BlackElo "2172"]
[PlyCount "60"]
[EventDate "2015.04.18"]
[EventType "tourn"]
[EventRounds "13"]
[EventCountry "MGL"]
[EventCategory "3"]
[SourceTitle "CBM 166 Extra"]
[Source "ChessBase"]
[SourceDate "2015.06.18"]
[SourceVersion "1"]
[SourceVersionDate "2015.06.18"]
[SourceQuality "1"]

1. d4 d5 2. c4 dxc4 3. e4 b5 4. a4 c6 5. b3 e5 6. bxc4 Bb4+ 7. Bd2 Qxd4 8. Ra2 Bc5 9. Bc3 Qxd1+ 10. Kxd1 Nf6 11. f3 Be6 12. Bxe5 Nbd7 13. Bxf6 gxf6 14. Nc3 b4 15. Nd5 0-0-0 16. Kc2 Ne5 17. Kb3 cxd5 18. cxd5 Rxd5 19. exd5 Bxd5+ 20. Kb2 Rd8 21. Nh3 Kb7 22. f4 Bd4+ 23. Kb1 Be4+ 24. Kc1 Be3+ 25. Kb2 Rd2+ 26. Kb3 Bd5+ 27. Kxb4 Nc6+ 28. Kc3 Rxa2 29. Bc4 Bd4+ 30. Kb3 Rb2+ 0-1

[Event "Al Ain op 2nd"]
[Site "Al Ain"]
[Date "2013.12.22"]
[Round "4"]
[White "Tuvsanaa, Nyamaa"]
[Black "Abdulkarim, Ali"]
[Result "1/2-1/2"]
[WhiteElo "2162"]
[BlackElo "1944"]
[PlyCount "45"]
[EventDate "2013.12.19"]
[EventType "swiss"]
[EventRounds "9"]
[EventCountry "UAE"]
[SourceTitle "CBM 158 Extra"]
[Source "ChessBase"]
[SourceDate "2014.02.28"]
[SourceVersion "1"]
[SourceVersionDate "2014.02.28"]
[SourceQuality "1"]

1. d4 Nf6 2. c4 e6 3. Nf3 b6 4. g3 Bb7 5. Bg2 Bb4+ 6. Bd2 Bxd2+ 7. Qxd2 d6 8. 0-0 Qe7 9. Nc3 0-0 10. Qc2 Nbd7 11. Rfe1 e5 12. e3 Rfe8 13. Nxe5 Bxg2 14. Nxd7 Bf3 15. Nxf6+ Qxf6 16. Qd3 g5 17. e4 g4 18. Re3 c5 19. Nd5 Qxd4 20. Nc7 Qxb2 21. Rae1 Qe5 22. Nxa8 Rxa8 23. Qd5 1/2-1/2

[Event "Al Ain op 2nd"]
[Site "Al Ain"]
[Date "2013.12.19"]
[Round "1"]
[White "Shoker, Samy"]
[Black "Tuvsanaa, Nyamaa"]
[Result "1-0"]
[WhiteElo "2497"]
[BlackElo "2162"]
[PlyCount "100"]
[EventDate "2013.12.19"]
[EventType "swiss"]
[EventRounds "9"]
[EventCountry "UAE"]
[SourceTitle "CBM 158 Extra"]
[Source "ChessBase"]
[SourceDate "2014.02.28"]
[SourceVersion "1"]
[SourceVersionDate "2014.02.28"]
[SourceQuality "1"]

1. Nf3 d5 2. g3 c6 3. Bg2 Nf6 4. 0-0 Bg4 5. d3 Nbd7 6. Qe1 e6 7. e4 dxe4 8. dxe4 Bc5 9. Nbd2 0-0 10. h3 Bh5 11. a3 a5 12. Kh1 a4 13. Nh4 g5 14. Nhf3 g4 15. Nh2 Ne5 16. hxg4 Nfxg4 17. Ndf3 Nxf3 18. Nxf3 Qb6 19. Kg1 Rfd8 20. Bg5 f6 21. Bh4 Qxb2 22. e5 Qxc2 23. exf6 Qf5 24. Rc1 Rd6 25. Rc4 Rf8 26. Rf4 Qc2 27. Ng5 Nxf2 28. R4xf2 Rd1 29. Kh2 Qc4 30. Rf4 Rxe1 31. Rxc4 Rxf1 32. Bxf1 Rxf6 33. Bd3 Rf2+ 34. Kh3 Bxa3 35. Rxa4 Be7 36. Ra8+ Rf8 37. Ra7 Rb8 38. Bxh7+ Kh8 39. Be4 Bd6 40. Bxc6 Be2 41. Bxb7 Bc5 42. Ra2 Bc4 43. Rc2 Bb3 44. Rxc5 Rxb7 45. Ne4 Bd5 46. Nf6 Bf3 47. g4 Rb3 48. Rg5 Rb8 49. Bg3 Ra8 50. Be5 Be2 1-0

[Event "MGL-ch 52nd"]
[Site "Arvaikheer"]
[Date "2012.04.03"]
[Round "4"]
[White "Tuvsanaa, Nyamaa"]
[Black "Galmandakh, Badrakh"]
[Result "0-1"]
[WhiteElo "2214"]
[BlackElo "2230"]
[PlyCount "102"]
[EventDate "2012.04.01"]
[EventType "tourn"]
[EventRounds "15"]
[EventCountry "MGL"]
[EventCategory "3"]
[SourceTitle "EXT 2013"]
[Source "ChessBase"]
[SourceDate "2012.11.22"]
[SourceVersion "1"]
[SourceVersionDate "2012.11.22"]
[SourceQuality "1"]

1. b3 Nf6 2. Bb2 e6 3. c4 c5 4. Nf3 b6 5. e3 Bb7 6. Be2 Be7 7. 0-0 0-0 8. d3 d6 9. Nbd2 Ne8 10. a3 Bf6 11. Qc2 Bxb2 12. Qxb2 Nd7 13. b4 Qc7 14. bxc5 bxc5 15. Rfb1 Bc6 16. Qc3 Nef6 17. Nb3 Rab8 18. Na5 Rxb1+ 19. Rxb1 Rb8 20. Rxb8+ Nxb8 21. Nxc6 Nxc6 22. Nd2 Qa5 23. Qb2 Qb6 24. Qb5 Kf8 25. f4 Na5 26. g4 Ke7 27. Bf3 Qxb5 28. cxb5 Nd7 29. Kf2 Nb6 30. Be4 h6 31. d4 cxd4 32. exd4 e5 33. dxe5 dxe5 34. g5 exf4 35. gxh6 gxh6 36. Kf3 Kd6 37. Kxf4 Kc5 38. Nf3 Nac4 39. Ne5 Nxa3 40. Nxf7 Nxb5 41. Nxh6 a5 42. Nf5 a4 43. Ne3 Nd4 44. h4 a3 45. Bb1 Kb4 46. Ba2 Nd7 47. h5 Ne2+ 48. Kg5 Nc1 49. Be6 Nf8 50. Bf5 a2 51. Kf6 a1Q+ 0-1

[Event "MGL-ch"]
[Site "Ulaanbaatar"]
[Date "2011.04.01"]
[Round "11"]
[White "Tuvsanaa, Nyamaa"]
[Black "Nasanjargal, Urtnasan"]
[Result "0-1"]
[WhiteElo "2301"]
[BlackElo "2263"]
[PlyCount "121"]
[EventDate "2011.03.25"]
[EventType "tourn"]
[EventRounds "15"]
[EventCountry "MGL"]
[EventCategory "3"]
[SourceTitle "CBM 141 Extra"]
[Source "ChessBase"]
[SourceDate "2011.05.03"]
[SourceVersion "1"]
[SourceVersionDate "2011.05.03"]
[SourceQuality "1"]

1. d4 Nf6 2. c4 c5 3. d5 b5 4. cxb5 a6 5. bxa6 g6 6. Nc3 Bxa6 7. g3 Bg7 8. Bg2 d6 9. Nf3 0-0 10. 0-0 Nbd7 11. Rb1 Qa5 12. Qc2 Rfb8 13. Rd1 Ng4 14. Bd2 Nde5 15. Nxe5 Nxe5 16. b3 Bc8 17. h3 Bf5 18. e4 Bc8 19. Na4 Qa6 20. Bc3 c4 21. f4 Nd3 22. Bxg7 Kxg7 23. bxc4 Rxb1 24. Rxb1 Qxa4 25. Qxd3 Qxa2 26. Qd4+ f6 27. Rb2 Qa1+ 28. Kh2 Ra2 29. Rd2 Qxd4 30. Rxd4 Ba6 31. Kg1 Rc2 32. Bf1 h5 33. g4 hxg4 34. hxg4 g5 35. fxg5 fxg5 36. e5 dxe5 37. Re4 Kf6 38. Bd3 Rd2 39. Re3 e6 40. dxe6 Kxe6 41. Bf5+ Kd6 42. c5+ Kd5 43. c6 Rd1+ 44. Kf2 Rf1+ 45. Kg3 Rc1 46. Bd7 Bb5 47. Rf3 Bxc6 48. Bxc6+ Rxc6 49. Rf5 Rg6 50. Kf3 Kd4 51. Ke2 e4 52. Ra5 Rb6 53. Rxg5 Rb2+ 54. Kd1 Kd3 55. Rd5+ Ke3 56. g5 Rg2 57. Rf5 Rg1+ 58. Kc2 Ke2 59. Rf4 e3 60. Rf5 Ke1 61. Re5 0-1

[Event "MGL-ch"]
[Site "Ulaanbaatar"]
[Date "2011.03.27"]
[Round "5"]
[White "Bayarmandakh, Balgan"]
[Black "Tuvsanaa, Nyamaa"]
[Result "1-0"]
[WhiteElo "2283"]
[BlackElo "2301"]
[PlyCount "77"]
[EventDate "2011.03.25"]
[EventType "tourn"]
[EventRounds "15"]
[EventCountry "MGL"]
[EventCategory "3"]
[SourceTitle "CBM 141 Extra"]
[Source "ChessBase"]
[SourceDate "2011.05.03"]
[SourceVersion "1"]
[SourceVersionDate "2011.05.03"]
[SourceQuality "1"]

1. d4 d5 2. c4 c6 3. Nf3 Nf6 4. cxd5 cxd5 5. Nc3 Nc6 6. Bf4 a6 7. e3 Bg4 8. Be2 e6 9. 0-0 Bd6 10. Bxd6 Qxd6 11. h3 Bxf3 12. Bxf3 0-0 13. Rc1 Rac8 14. Na4 Nd7 15. Qd2 Rc7 16. a3 Rfc8 17. b4 Ncb8 18. Be2 b6 19. Qb2 g6 20. Bd3 Nf6 21. Nc3 Qd7 22. Rc2 Ne8 23. b5 a5 24. Rfc1 Nd6 25. Na4 Qd8 26. Qb3 Rxc2 27. Rxc2 Rxc2 28. Qxc2 Qc8 29. Qxc8+ Nxc8 30. f3 Nd7 31. e4 dxe4 32. fxe4 e5 33. d5 Kf8 34. Kf2 Ke7 35. Ke3 Nd6 36. g4 h6 37. h4 f6 38. Kf3 f5 39. gxf5 1-0

[Event "MGL-ch"]
[Site "Ulaanbaatar"]
[Date "2011.03.26"]
[Round "4"]
[White "Tuvsanaa, Nyamaa"]
[Black "Khatanbaatar, Bazar"]
[Result "1-0"]
[WhiteElo "2301"]
[BlackElo "2395"]
[PlyCount "85"]
[EventDate "2011.03.25"]
[EventType "tourn"]
[EventRounds "15"]
[EventCountry "MGL"]
[EventCategory "3"]
[SourceTitle "CBM 141 Extra"]
[Source "ChessBase"]
[SourceDate "2011.05.03"]
[SourceVersion "1"]
[SourceVersionDate "2011.05.03"]
[SourceQuality "1"]

1. d4 d5 2. c4 c6 3. Nf3 Nf6 4. Nc3 e6 5. Bg5 Nbd7 6. e3 Qa5 7. Bxf6 Nxf6 8. Nd2 g6 9. a3 dxc4 10. Nxc4 Qd8 11. e4 Be7 12. e5 Nd5 13. Ne4 0-0 14. Be2 f5 15. Nc3 Bd7 16. 0-0 Be8 17. Qc2 g5 18. b4 Rc8 19. Qb3 g4 20. Rac1 Rc7 21. Rfd1 Kh8 22. Rc2 Rf7 23. Nb2 Rg7 24. Nd3 Bg5 25. b5 cxb5 26. Nc5 Rge7 27. Nxb5 Bxb5 28. Bxb5 b6 29. Na6 Rxc2 30. Qxc2 Nc7 31. Qb3 Nxb5 32. Qxb5 Rd7 33. Qc4 Be7 34. h3 Rd5 35. hxg4 fxg4 36. Nc7 Rc5 37. dxc5 Qxd1+ 38. Kh2 Bxc5 39. Nxe6 Qe1 40. Qd5 h5 41. Qd8+ Kh7 42. Ng5+ Kg7 43. Qf6+ 1-0

[Event "MGL-ch"]
[Site "Ulaanbaatar"]
[Date "2011.03.25"]
[Round "1"]
[White "Sharavdorj, Dashzeveg"]
[Black "Tuvsanaa, Nyamaa"]
[Result "1/2-1/2"]
[WhiteElo "2452"]
[BlackElo "2301"]
[PlyCount "100"]
[EventDate "2011.03.25"]
[EventType "tourn"]
[EventRounds "15"]
[EventCountry "MGL"]
[EventCategory "3"]
[SourceTitle "CBM 141 Extra"]
[Source "ChessBase"]
[SourceDate "2011.05.03"]
[SourceVersion "1"]
[SourceVersionDate "2011.05.03"]
[SourceQuality "1"]

1. d4 d5 2. c4 c6 3. Nf3 Nf6 4. Nc3 dxc4 5. a4 Bf5 6. Ne5 Nbd7 7. Nxc4 Qc7 8. g3 e5 9. dxe5 Nxe5 10. Bf4 Nfd7 11. Bg2 g5 12. Ne3 gxf4 13. Nxf5 0-0-0 14. Qc2 Nc5 15. 0-0 fxg3 16. hxg3 a5 17. Rad1 h5 18. Rxd8+ Qxd8 19. Ne4 Nxe4 20. Qxe4 Qf6 21. Bh3 Kb8 22. Rd1 Bc5 23. Qh4 Qxh4 24. Nxh4 Kc7 25. Kf1 Rd8 26. Rxd8 Kxd8 27. b3 Be7 28. Nf5 Nd7 29. e3 Nc5 30. Nd4 Bf6 31. Ke2 Kc7 32. Kd2 h4 33. gxh4 Ne4+ 34. Ke2 Bxh4 35. f3 Nc5 36. Bf5 Bf6 37. Bc2 Bxd4 38. exd4 Na6 39. Bd3 Nb4 40. Bc4 f6 41. Ke3 Kd6 42. Kf4 b6 43. Kf5 Nc2 44. Kxf6 Nxd4 45. f4 b5 46. axb5 cxb5 47. Bg8 Nc6 48. f5 Ne7 49. Bf7 a4 50. bxa4 bxa4 1/2-1/2

[Event "MGL-ch"]
[Site "Ulaanbaatar"]
[Date "2010.04.11"]
[Round "15"]
[White "Tuvsanaa, Nyamaa"]
[Black "Munkhgal, Gombosuren"]
[Result "0-1"]
[WhiteElo "2293"]
[BlackElo "2257"]
[PlyCount "58"]
[EventDate "2010.04.03"]
[EventType "tourn"]
[EventRounds "15"]
[EventCountry "MGL"]
[EventCategory "2"]
[SourceTitle "EXT 2011"]
[Source "ChessBase"]
[SourceDate "2010.11.26"]
[SourceVersion "1"]
[SourceVersionDate "2010.11.26"]
[SourceQuality "1"]

1. d4 d5 2. c4 c6 3. Nf3 Nf6 4. Nc3 a6 5. a4 g6 6. Bg5 Bg7 7. e3 0-0 8. Qb3 dxc4 9. Bxc4 Nbd7 10. Ne5 Nxe5 11. dxe5 Ng4 12. e6 fxe6 13. Bxe6+ Kh8 14. 0-0 Nxf2 15. Rxf2 Rxf2 16. Kxf2 Qd2+ 17. Kg1 Bxe6 18. Qxe6 Qxb2 19. Rd1 Qxc3 20. Qxe7 Rf8 21. h4 b5 22. Rd4 h6 23. Bf4 c5 24. Rd7 b4 25. g3 b3 26. Bxh6 Qe1+ 27. Kh2 Rf2+ 28. Kh3 Qh1+ 29. Kg4 Qf3+ 0-1

[Event "MGL-ch"]
[Site "Ulaanbaatar"]
[Date "2010.04.08"]
[Round "9"]
[White "Tuvsanaa, Nyamaa"]
[Black "Byambaa, Zulzaga"]
[Result "1-0"]
[WhiteElo "2293"]
[BlackElo "2350"]
[PlyCount "67"]
[EventDate "2010.04.03"]
[EventType "tourn"]
[EventRounds "15"]
[EventCountry "MGL"]
[EventCategory "2"]
[SourceTitle "EXT 2011"]
[Source "ChessBase"]
[SourceDate "2010.11.26"]
[SourceVersion "1"]
[SourceVersionDate "2010.11.26"]
[SourceQuality "1"]

1. d4 d6 2. Nf3 g6 3. c4 Bg7 4. Nc3 e5 5. e4 Bg4 6. d5 Ne7 7. Be2 h5 8. Be3 Bxf3 9. Bxf3 Bh6 10. Bxh6 Rxh6 11. 0-0 Kf8 12. b4 Nd7 13. Rc1 Kg7 14. Qd2 f5 15. exf5 gxf5 16. c5 Rc8 17. cxd6 cxd6 18. Nb5 Rxc1 19. Rxc1 a6 20. Nc7 Nf8 21. Qg5+ Rg6 22. Qxh5 Kg8 23. Qh3 Rg7 24. Bh5 Nc6 25. Ne8 Qg5 26. Rc3 Qd2 27. Qe3 Qxe3 28. fxe3 Nxb4 29. Nf6+ Kh8 30. Rc8 Re7 31. Rxf8+ Kg7 32. Rg8+ Kxf6 33. Rg6+ Kf7 34. Rg4+ 1-0